[Event "Nicolo La Rosa op 16th"]
[Site "Mazara del Vallo"]
[Date "2008.08.12"]
[Round "3"]
[White "Architetto, Sandro"]
[Black "Galfano, Andrea"]
[Result "1-0"]
[WhiteElo "1620"]
[BlackElo "1404"]
[PlyCount "93"]
[EventDate "2008.08.11"]
[EventType "swiss"]
[EventRounds "6"]
[EventCountry "ITA"]
[SourceTitle "EXT 2011"]
[Source "ChessBase"]
[SourceDate "2010.11.26"]
[SourceVersion "1"]
[SourceVersionDate "2010.11.26"]
[SourceQuality "1"]

1. e4 e5 2. Nf3 Nc6 3. c3 Nf6 4. d3 d5 5. Qe2 Bc5 6. Be3 dxe4 7. Bxc5 exf3 8.
Qxf3 Bg4 9. Qe3 Qd5 10. c4 Qe6 11. Nc3 b6 12. Nb5 O-O-O 13. Ba3 a6 14. Nc3 Nd4
15. Rc1 Bf5 16. Be2 e4 17. dxe4 Nxe4 18. Nxe4 Bxe4 19. O-O Nxe2+ 20. Qxe2 Rde8
21. Rc3 Qg6 22. Rg3 Bd3 23. Qf3 Be2 24. Rxg6 Bxf3 25. Rxg7 Be2 26. Re1 Bxc4 27.
Ra1 h6 28. h3 Reg8 29. Rxg8+ Rxg8 30. Bb4 c5 31. Bc3 Be6 32. Kh2 Bd5 33. f3 f5
34. a3 a5 35. Rd1 Bb3 36. Rd6 b5 37. Rc6+ Kb7 38. Rxc5 Kb6 39. Rxf5 Bc2 40.
Rf6+ Kc5 41. Rxh6 b4 42. axb4+ axb4 43. Rh5+ Kc4 44. Rh4+ Kb3 45. Rxb4+ Ka2 46.
g4 Re8 47. Kg3 1-0

[Event "Nicolo La Rosa op 16th"]
[Site "Mazara del Vallo"]
[Date "2008.08.11"]
[Round "1"]
[White "Di Via, Saverio"]
[Black "Galfano, Andrea"]
[Result "1-0"]
[WhiteElo "1715"]
[BlackElo "1404"]
[PlyCount "111"]
[EventDate "2008.08.11"]
[EventType "swiss"]
[EventRounds "6"]
[EventCountry "ITA"]
[SourceTitle "EXT 2011"]
[Source "ChessBase"]
[SourceDate "2010.11.26"]
[SourceVersion "1"]
[SourceVersionDate "2010.11.26"]
[SourceQuality "1"]

1. e4 e5 2. Nf3 Nc6 3. c3 Nf6 4. d4 d6 5. d5 Na5 6. Qa4+ Bd7 7. Qxa5 b6 8. Qb4
a5 9. Qb3 Nxe4 10. Bb5 Nc5 11. Bxd7+ Qxd7 12. Qc2 Qb5 13. Be3 Nd3+ 14. Kd2 Nxb2
15. a4 Nc4+ 16. Kc1 Qxd5 17. Rd1 Nxe3 18. Rxd5 Nxc2 19. Kxc2 Be7 20. Na3 O-O
21. g4 c6 22. Rd2 e4 23. Nd4 Bg5 24. Re2 c5 25. Nf5 Bf4 26. h4 Rfe8 27. g5 g6
28. Nh6+ Kg7 29. Nc4 Rab8 30. Ng4 d5 31. Nce3 d4 32. Nf6 d3+ 33. Kd2 dxe2 34.
Nxe8+ Rxe8 35. Kxe2 Bxe3 36. Kxe3 f6 37. Rd1 Re7 38. Rd6 fxg5 39. hxg5 Rb7 40.
Kxe4 b5 41. axb5 Rxb5 42. Kd5 c4+ 43. Kxc4 Rxg5 44. Kb3 Rg4 45. Ra6 h5 46. Rxa5
h4 47. c4 h3 48. Ra1 h2 49. Rh1 Rh4 50. Kb4 Kf6 51. Kb5 g5 52. c5 g4 53. c6
Rh5+ 54. Kb6 Rh8 55. c7 Kf5 56. Rxh2 1-0

[Event "GER-ch Seniors-A 20th"]
[Site "Erfurt"]
[Date "2008.08.07"]
[Round "3"]
[White "Nuenchert, Eveline"]
[Black "Fritsch, Juergen"]
[Result "1-0"]
[WhiteElo "1983"]
[BlackElo "1750"]
[PlyCount "87"]
[EventDate "2008.08.05"]
[EventType "swiss"]
[EventRounds "9"]
[EventCountry "GER"]
[SourceTitle "CBM 126 Extra"]
[Source "ChessBase"]
[SourceDate "2008.11.05"]
[SourceVersion "1"]
[SourceVersionDate "2008.11.05"]
[SourceQuality "1"]

1. e4 e5 2. Nf3 Nc6 3. c3 Qe7 4. Bc4 d6 5. O-O Be6 6. Be2 f5 7. exf5 Bxf5 8.
Qb3 O-O-O 9. d3 Nf6 10. Nbd2 h6 11. a4 g5 12. a5 Qe6 13. Qa4 Nd5 14. Ne4 Nf4
15. Bxf4 gxf4 16. a6 d5 17. axb7+ Kxb7 18. Qa6+ Kb8 19. Ned2 Bc5 20. b4 Bb6 21.
Nb3 Qc8 22. Qa4 Bd7 23. b5 Ne7 24. Nxe5 Rdf8 25. Bf3 c5 26. bxc6 Nxc6 27. Nxd7+
Qxd7 28. d4 Qd6 29. Qb5 Ne7 30. Nc5 Nc6 31. Na6+ Kc8 32. Bxd5 Rf6 33. Bf3 Rg8
34. Qc4 Rfg6 35. Kh1 Kd8 36. Rfe1 h5 37. Rad1 h4 38. h3 Ne7 39. Nc5 Qf6 40. Re6
Qg5 41. Nb7+ Ke8 42. Re5 Qf6 43. Rde1 R8g7 44. Qc8+ 1-0

[Event "Enschede op"]
[Site "Enschede"]
[Date "2008.08.06"]
[Round "6"]
[White "Van Opheusden, Bas"]
[Black "Maiorov, Nikita"]
[Result "0-1"]
[WhiteElo "2172"]
[BlackElo "2535"]
[PlyCount "64"]
[EventDate "2008.08.01"]
[EventType "swiss"]
[EventRounds "9"]
[EventCountry "NED"]
[SourceTitle "CBM 126 Extra"]
[Source "ChessBase"]
[SourceDate "2008.11.05"]
[SourceVersion "1"]
[SourceVersionDate "2008.11.05"]
[SourceQuality "1"]

1. e4 e5 2. Nf3 Nc6 3. c3 Nf6 4. d4 exd4 5. e5 Nd5 6. cxd4 Be7 7. Qb3 Nb6 8. d5
Nb8 9. Bf4 d6 10. Bb5+ Bd7 11. exd6 cxd6 12. Nc3 O-O 13. Bxd7 N8xd7 14. Ne4 Nc5
15. Nxc5 dxc5 16. Rd1 c4 17. Qb5 Bd6 18. Be3 Qe8 19. Qxe8 Bb4+ 20. Nd2 Rfxe8
21. O-O Rec8 22. Ne4 Rd8 23. a3 Bf8 24. Bxb6 axb6 25. Rd2 b5 26. Rfd1 b4 27.
axb4 Bxb4 28. Rd4 b5 29. b3 f5 30. Ng3 Bc3 31. Rf4 cxb3 32. Ne2 b4 0-1

[Event "Kochan Memorial op 19th"]
[Site "Koszalin"]
[Date "2008.08.06"]
[Round "3"]
[White "Demianowicz, Maciej"]
[Black "Ratajczyk, Rafal"]
[Result "1-0"]
[WhiteElo "1968"]
[BlackElo "1880"]
[PlyCount "63"]
[EventDate "2008.08.04"]
[EventType "swiss"]
[EventRounds "9"]
[EventCountry "POL"]
[SourceTitle "CBM 125 Extra"]
[Source "ChessBase"]
[SourceDate "2008.09.01"]
[SourceVersion "1"]
[SourceVersionDate "2008.09.01"]
[SourceQuality "1"]

1. e4 e5 2. Nf3 Nc6 3. c3 Nf6 4. d4 exd4 5. e5 Nd5 6. cxd4 Bb4+ 7. Nbd2 d6 8.
Bb5 O-O 9. O-O Nce7 10. a3 Ba5 11. exd6 cxd6 12. Ne4 Bf5 13. Ng3 Bd7 14. Bc4
Rc8 15. Qd3 a6 16. Rd1 Nb6 17. Ba2 Bb5 18. Qe4 d5 19. Qh4 Nc4 20. Bb1 Ng6 21.
Qh5 f6 22. Nh4 Be8 23. Nxg6 hxg6 24. Bxg6 Bxg6 25. Qxg6 Re8 26. Nf5 Qd7 27. Qg4
Kf8 28. Qg6 Qf7 29. Qxf7+ Kxf7 30. b3 Kg6 31. g4 Nb6 32. b4 1-0

[Event "Olomouc op"]
[Site "Olomouc"]
[Date "2008.08.05"]
[Round "7"]
[White "Matousek, Petr"]
[Black "Hlavacek, Pavel"]
[Result "1-0"]
[WhiteElo "2126"]
[BlackElo "1889"]
[PlyCount "47"]
[EventDate "2008.07.31"]
[EventType "swiss"]
[EventRounds "9"]
[EventCountry "CZE"]
[SourceTitle "CBM 125 Extra"]
[Source "ChessBase"]
[SourceDate "2008.09.01"]
[SourceVersion "1"]
[SourceVersionDate "2008.09.01"]
[SourceQuality "1"]

1. e4 e5 2. Nf3 Nc6 3. c3 Nf6 4. d4 Nxe4 5. d5 Bc5 6. dxc6 Nxf2 7. Qd5 dxc6 8.
Qxc5 Qd1+ 9. Kxf2 Qxc1 10. Qxe5+ Be6 11. Qe1 Qxb2+ 12. Nbd2 O-O-O 13. Qc1 Qb6+
14. Kg3 h5 15. h4 Rh6 16. Ne4 Rg6+ 17. Kh2 Rg4 18. Rb1 Qa5 19. Qe3 Bxa2 20. Be2
a6 21. Nc5 Bd5 22. Rxb7 Bxf3 23. Qxf3 Rxh4+ 24. Kg3 1-0

[Event "Kochan Memorial op 19th"]
[Site "Koszalin"]
[Date "2008.08.04"]
[Round "1"]
[White "Zakoscielna, Kinga"]
[Black "Malaniuk, Vladimir P"]
[Result "1/2-1/2"]
[WhiteElo "2125"]
[BlackElo "2508"]
[PlyCount "22"]
[EventDate "2008.08.04"]
[EventType "swiss"]
[EventRounds "9"]
[EventCountry "POL"]
[SourceTitle "CBM 125 Extra"]
[Source "ChessBase"]
[SourceDate "2008.09.01"]
[SourceVersion "1"]
[SourceVersionDate "2008.09.01"]
[SourceQuality "1"]

1. e4 e5 2. Nf3 Nc6 3. c3 Nf6 4. d4 Nxe4 5. d5 Ne7 6. Nxe5 Ng6 7. Qd4 Qf6 8.
Qxe4 Qxe5 9. Bd3 Bc5 10. Nd2 O-O 11. O-O d6 1/2-1/2

[Event "HATO & BpBp FIDE OPEN Mlada Boleslav"]
[Site "Mlada Boleslav"]
[Date "2008.08.01"]
[Round "7.11"]
[White "Skopec, Lubos"]
[Black "Litvinova, Oxana"]
[Result "0-1"]
[WhiteElo "1868"]
[BlackElo "1433"]
[PlyCount "80"]
[EventDate "2008.??.??"]
[EventRounds "9"]
[EventCountry "CZE"]
[SourceTitle "OM OTB B 201907"]
[Source "Opening Master"]
[SourceDate "2019.07.06"]
[SourceVersion "2"]
[SourceVersionDate "2019.07.06"]
[SourceQuality "1"]

1. e4 e5 2. Nf3 Nc6 3. c3 Nf6 4. d4 d6 5. dxe5 Nxe5 6. Nxe5 dxe5 7. Qxd8+ Kxd8
8. Bg5 h6 9. Bxf6+ gxf6 10. Bc4 Ke8 11. O-O Rg8 12. Kh1 Bd6 13. Nd2 Ke7 14. b4
Bd7 15. Bd5 c6 16. Bb3 c5 17. Nc4 cxb4 18. Nxd6 Kxd6 19. Bxf7 Rgf8 20. Rfd1+
Ke7 21. Bd5 bxc3 22. Rdc1 Rac8 23. Bxb7 Rc7 24. Rab1 Rb8 25. Bd5 Rxb1 26. Rxb1
Ba4 27. Kg1 c2 28. Rc1 Rc3 29. f4 Kd6 30. fxe5+ fxe5 31. Kf2 Kc5 32. Ke2 Kd4
33. Bb3 Bxb3 34. axb3 Kxe4 35. Kd2 Kd4 36. Rxc2 Rxc2+ 37. Kxc2 Ke3 38. Kc3 e4
39. b4 Kf2 40. h4 e3 0-1

[Event "Badalona op 34th"]
[Site "Badalona"]
[Date "2008.08.01"]
[Round "1"]
[White "Humeau, Cyril"]
[Black "Marques Soriano, Valentin"]
[Result "1-0"]
[WhiteElo "2170"]
[BlackElo "1957"]
[PlyCount "87"]
[EventDate "2008.08.01"]
[EventType "swiss"]
[EventRounds "9"]
[EventCountry "ESP"]
[SourceTitle "CBM 125 Extra"]
[Source "ChessBase"]
[SourceDate "2008.09.01"]
[SourceVersion "1"]
[SourceVersionDate "2008.09.01"]
[SourceQuality "1"]

1. e4 e5 2. Nf3 Nc6 3. c3 Nf6 4. d4 d6 5. Bb5 Bd7 6. O-O exd4 7. cxd4 Be7 8.
Nc3 O-O 9. h3 a6 10. Bd3 h6 11. Be3 b5 12. Qc1 Nh7 13. Nd5 Bg5 14. Nxg5 Nxg5
15. f4 Nh7 16. Qc3 Nf6 17. Nxf6+ Qxf6 18. e5 Qh4 19. Be4 Ne7 20. Qxc7 Rad8 21.
Rf3 d5 22. Bf2 Qh5 23. Bd3 Rfe8 24. g4 Bxg4 25. hxg4 Qxg4+ 26. Rg3 Qxf4 27. Qc1
Qxc1+ 28. Rxc1 Rc8 29. Be3 Kh8 30. Rf1 Rf8 31. Rf2 h5 32. Rh2 g6 33. Bg5 Ng8
34. Rgh3 Rfe8 35. Rf2 Kg7 36. Rhf3 Rc7 37. Kg2 Rec8 38. Kg3 Rd7 39. Rc2 Rxc2
40. Bxc2 Nh6 41. Rc3 Nf5+ 42. Bxf5 gxf5 43. Rc6 a5 44. Kf4 1-0

[Event "Tournament (open) (juniors)"]
[Site "Samara (Russia)"]
[Date "2008.08.??"]
[Round "5"]
[White "Baldanov, Arsalan"]
[Black "Postnikov, Daniil"]
[Result "1/2-1/2"]
[WhiteElo "2122"]
[BlackElo "2136"]
[PlyCount "102"]
[EventDate "2008.??.??"]
[EventRounds "9"]
[EventCountry "RUS"]
[SourceTitle "OM OTB B 201907"]
[Source "Opening Master"]
[SourceDate "2019.07.06"]
[SourceVersion "2"]
[SourceVersionDate "2019.07.06"]
[SourceQuality "1"]

1. e4 e5 2. Nf3 Nc6 3. c3 d5 4. Qa4 Qd6 5. d4 Bd7 6. Bb5 dxe4 7. dxe5 Qg6 8.
Nh4 Qg4 9. g3 Nxe5 10. Bxd7+ Nxd7 11. f3 Qe6 12. Qxe4 Qxe4+ 13. fxe4 O-O-O 14.
O-O f6 15. Be3 Bc5 16. Bd4 Ne7 17. Nd2 Nc6 18. Nb3 Bxd4+ 19. cxd4 Rhe8 20. Rae1
Nb6 21. d5 Ne5 22. Nf5 Nd3 23. Re3 Nxb2 24. Re2 N2c4 25. Nxg7 Re5 26. Nd4 c5
27. Nf3 Re7 28. Ne6 Rd6 29. Nh4 Rdxe6 30. dxe6 Rxe6 31. Rc1 Kd7 32. Nf5 Kc6 33.
Kf2 Re8 34. g4 Ne5 35. Kg3 c4 36. Rd2 Kc5 37. h3 Nf7 38. Kf4 Re5 39. h4 h6 40.
a3 Nc8 41. Rd7 Ncd6 42. Nxd6 Nxd6 43. Rxd6 Kxd6 44. Rxc4 Re8 45. Kf5 b5 46. Rc3
a5 47. Kxf6 Rxe4 48. Kf5 Re5+ 49. Kg6 Re6+ 50. Kh5 b4 51. axb4 axb4 1/2-1/2

[Event "Pornic op"]
[Site "Pornic"]
[Date "2008.08.??"]
[Round "5"]
[White "Pirotais, Jerome"]
[Black "Saucey, Capucine"]
[Result "1-0"]
[WhiteElo "1991"]
[BlackElo "1770"]
[PlyCount "39"]
[EventDate "2008.08.??"]
[EventType "swiss"]
[EventRounds "6"]
[EventCountry "FRA"]
[SourceTitle "EXT 2009"]
[Source "ChessBase"]
[SourceDate "2008.11.26"]
[SourceVersion "1"]
[SourceVersionDate "2008.11.26"]
[SourceQuality "1"]

1. e4 e5 2. Nf3 Nc6 3. c3 Nf6 4. d4 exd4 5. e5 Ne4 6. cxd4 d5 7. Nc3 Be7 8. Bd3
Bf5 9. Qb3 Bb4 10. a3 Bxc3+ 11. bxc3 Rb8 12. O-O O-O 13. Re1 Nc5 14. dxc5 Bxd3
15. Bg5 Qd7 16. Rad1 Na5 17. Qb4 Nc6 18. Qh4 Qf5 19. Qg3 Bc4 20. Nh4 1-0

[Event "It (open) \"]
[Site "Samara (Russia)"]
[Date "2008.07.29"]
[Round "5"]
[White "Sokhin, Arkady"]
[Black "Kuzmicheva, Vera"]
[Result "1-0"]
[WhiteElo "1985"]
[BlackElo "1941"]
[PlyCount "40"]
[EventDate "2008.??.??"]
[EventRounds "9"]
[EventCountry "RUS"]
[SourceTitle "OM OTB B 201907"]
[Source "Opening Master"]
[SourceDate "2019.07.06"]
[SourceVersion "2"]
[SourceVersionDate "2019.07.06"]
[SourceQuality "1"]

1. e4 e5 2. Nf3 Nc6 3. c3 Nf6 4. Qc2 Be7 5. Bb5 d6 6. d4 Bd7 7. d5 Nb8 8. Be2
c6 9. c4 Na6 10. Nc3 Rc8 11. Be3 cxd5 12. cxd5 Nc5 13. Nd2 Na4 14. Qb3 Nxc3 15.
bxc3 b6 16. O-O O-O 17. h3 Ne8 18. Rfc1 f5 19. exf5 Bxf5 20. Qa4 Rc7 1-0

[Event "Tabor op"]
[Site "Tabor"]
[Date "2008.07.29"]
[Round "4"]
[White "Lizner, Milan"]
[Black "Ries, Vilem"]
[Result "0-1"]
[WhiteElo "2050"]
[BlackElo "1872"]
[PlyCount "26"]
[EventDate "2008.07.26"]
[EventType "swiss"]
[EventRounds "9"]
[EventCountry "CZE"]
[SourceTitle "CBM 125 Extra"]
[Source "ChessBase"]
[SourceDate "2008.09.01"]
[SourceVersion "1"]
[SourceVersionDate "2008.09.01"]
[SourceQuality "1"]

1. e4 e5 2. Nf3 Nc6 3. c3 d6 4. h3 f5 5. exf5 Bxf5 6. Bb5 Nf6 7. d3 Be7 8. O-O
Qd7 9. Kh2 h6 10. d4 e4 11. d5 exf3 12. dxc6 bxc6 13. Bd3 fxg2 0-1

[Event "Andorra op 26th"]
[Site "La Massana"]
[Date "2008.07.27"]
[Round "9"]
[White "Mellado Trivino, Juan"]
[Black "Kilpatrick, Callum"]
[Result "1-0"]
[WhiteElo "2413"]
[BlackElo "2203"]
[PlyCount "82"]
[EventDate "2008.07.19"]
[EventType "swiss"]
[EventRounds "9"]
[EventCountry "AND"]
[SourceTitle "CBM 125 Extra"]
[Source "ChessBase"]
[SourceDate "2008.09.01"]
[SourceVersion "1"]
[SourceVersionDate "2008.09.01"]
[SourceQuality "1"]

1. e4 e5 2. Nf3 Nc6 3. c3 Nf6 4. d4 Nxe4 5. d5 Ne7 6. Nxe5 Ng6 7. Qe2 Qe7 8.
Qxe4 Qxe5 9. Nd2 d6 10. Qxe5+ dxe5 11. Ne4 Bd7 12. Be2 Be7 13. Bd2 Nf4 14. Bxf4
exf4 15. O-O-O f5 16. Nd2 Bc5 17. Rhf1 O-O-O 18. b4 Be7 19. Bc4 Bf6 20. Kc2
Rhe8 21. Bb3 c6 22. Rfe1 cxd5 23. Bxd5 Ba4+ 24. Bb3 Bc6 25. Be6+ Kc7 26. Bxf5
Bxg2 27. Bxh7 Rh8 28. Be4 Rxh2 29. Bxg2 Rxg2 30. Ne4 Bh4 31. Rg1 Rxd1 32. Rxg2
Rd7 33. Rg4 g5 34. Nxg5 Bxf2 35. Ne6+ Kc6 36. Nxf4 Be3 37. Nd3 Rh7 38. a4 a6
39. Re4 Bg1 40. Re6+ Kc7 41. Nf4 Rf7 1-0

[Event "Politiken Cup 30th"]
[Site "Helsingor"]
[Date "2008.07.24"]
[Round "7"]
[White "Aagaard, Jacob"]
[Black "Berg, Emanuel"]
[Result "1/2-1/2"]
[WhiteElo "2531"]
[BlackElo "2592"]
[PlyCount "64"]
[EventDate "2008.07.19"]
[EventType "swiss"]
[EventRounds "10"]
[EventCountry "DEN"]
[SourceTitle "CBM 125 Extra"]
[Source "ChessBase"]
[SourceDate "2008.09.01"]
[SourceVersion "1"]
[SourceVersionDate "2008.09.01"]
[SourceQuality "1"]

1. e4 e5 2. Nf3 Nc6 3. c3 Nf6 4. d4 Nxe4 5. d5 Ne7 6. Nxe5 Ng6 7. Nxg6 hxg6 8.
Nd2 Nxd2 9. Bxd2 Be7 10. Bd3 d6 11. Qe2 O-O 12. O-O-O Bf5 13. Bxf5 gxf5 14. g4
Re8 15. gxf5 Bg5 16. Qh5 Bxd2+ 17. Rxd2 Qf6 18. Rg1 Re5 19. Rg5 g6 20. f4 Rxf5
21. Rxf5 Qxf5 22. Qxf5 gxf5 23. Rg2+ Kf8 24. Rg5 Ke7 25. h4 Rh8 26. h5 f6 27.
Rg7+ Kd8 28. h6 Rxh6 29. Rg8+ Kd7 30. Rg7+ Kd8 31. Rg8+ Kd7 32. Rg7+ Kd8
1/2-1/2

[Event "RF-2008-0-00014"]
[Site "Lechenicher SchachServer"]
[Date "2008.07.23"]
[Round "?"]
[White "Tjiptadi, Agus"]
[Black "Feng, Jason"]
[Result "1/2-1/2"]
[WhiteElo "1046"]
[BlackElo "816"]
[PlyCount "109"]
[EventDate "2008.06.26"]

1. e4 e5 2. Nf3 Nc6 3. c3 Nf6 4. Bb5 Nxe4 5. Qe2 Nd6 6. Bxc6 dxc6 7. Nxe5 Qe7
8. O-O Nc4 9. Qxc4 Qxe5 10. d4 Qd5 11. Re1+ Be6 12. Qa4 Be7 13. Bf4 Bd6 14.
Bxd6 cxd6 15. Nd2 O-O 16. Nf1 Qc4 17. Qc2 Qd5 18. b3 Qf5 19. Qxf5 Bxf5 20. Re7
Rab8 21. Rae1 Be6 22. Rc7 Rfc8 23. Rxc8+ Rxc8 24. Nd2 d5 25. f4 Kf8 26. Kf2 c5
27. Ke3 b6 28. Nf3 Ke7 29. Ne5 c4 30. bxc4 dxc4 31. h3 f6 32. Nf3 Kd6 33. g4
Bd5 34. Nd2 Re8+ 35. Kf2 Rxe1 36. Kxe1 b5 37. a3 Bg2 38. h4 g6 39. Kf2 Bd5 40.
Ke3 a5 41. g5 Ke6 42. Nf1 fxg5 43. hxg5 Kf5 44. Nh2 Bg2 45. Nf3 Bxf3 46. Kxf3
Ke6 47. Ke4 Kd6 48. d5 Kd7 49. Kd4 Kd6 50. Ke4 Kd7 51. Ke3 Kd6 52. Kd4 a4 53.
Ke4 Kd7 54. Ke3 Kc7 55. Ke4 1/2-1/2

[Event "ZI-2008-0-00275"]
[Site "Lechenicher SchachServer"]
[Date "2008.07.21"]
[Round "?"]
[White "Kroes, Friso"]
[Black "Marculescu, Gheorghe"]
[Result "1/2-1/2"]
[WhiteElo "2049"]
[BlackElo "1771"]
[PlyCount "62"]
[EventDate "2008.07.20"]
[SourceTitle "OM Corr 202003"]
[Source "Opening Master"]
[SourceDate "2019.05.30"]
[SourceVersion "2"]
[SourceVersionDate "2019.05.30"]
[SourceQuality "1"]

1. e4 e5 2. Nf3 Nc6 3. c3 Nf6 4. d4 exd4 5. e5 Ne4 6. Qe2 f5 7. exf6 d5 8. Nbd2
Qxf6 9. Nxe4 dxe4 10. Qxe4+ Be7 11. Bd3 dxc3 12. Bg5 Qe6 13. bxc3 Qxe4+ 14.
Bxe4 Bxg5 15. Nxg5 h6 16. Nf3 Bd7 17. O-O-O O-O-O 18. Rhe1 Rhe8 19. Rd3 Na5 20.
Nd4 Nc4 21. Nf5 g6 22. Ng7 Rg8 23. Bd5 Rxg7 24. Bxc4 Bf5 25. Rde3 c6 26. Be6+
Bxe6 27. Rxe6 Kc7 28. Kc2 Rd6 29. Re7+ Rxe7 30. Rxe7+ Rd7 31. Re6 Rd6 1/2-1/2

[Event "Politiken Cup 30th"]
[Site "Helsingor"]
[Date "2008.07.20"]
[Round "2"]
[White "Asmund, Erik"]
[Black "Christiansen, Erling"]
[Result "0-1"]
[WhiteElo "1779"]
[BlackElo "2008"]
[PlyCount "108"]
[EventDate "2008.07.19"]
[EventType "swiss"]
[EventRounds "10"]
[EventCountry "DEN"]
[SourceTitle "CBM 125 Extra"]
[Source "ChessBase"]
[SourceDate "2008.09.01"]
[SourceVersion "1"]
[SourceVersionDate "2008.09.01"]
[SourceQuality "1"]

1. e4 e5 2. Nf3 Nc6 3. c3 d5 4. Bb5 Qd6 5. Bxc6+ bxc6 6. exd5 cxd5 7. O-O e4 8.
Nd4 f5 9. d3 Nf6 10. g3 c5 11. Nc2 Be7 12. Re1 O-O 13. Bf4 Qb6 14. b3 Be6 15.
d4 Bd7 16. Ne3 Be6 17. Ng2 cxd4 18. cxd4 Rac8 19. Re2 Rc6 20. a4 Rfc8 21. Na3
a6 22. Ne1 Bf7 23. Qb1 Qxd4 24. Be3 Qb4 25. Nac2 Qb7 26. Nd4 Rc3 27. Nxf5 Bf8
28. Rc2 Rxc2 29. Nxc2 Qd7 30. Nfd4 Bh5 31. Qf1 Bg4 32. Qxa6 Bh3 33. Ne1 Ng4 34.
Ng2 Ne5 35. Nf4 Bg4 36. Qf1 Bc5 37. Nb5 d4 38. b4 Nf3+ 39. Kh1 Bxb4 40. Bc1 Ba5
41. Ba3 d3 42. Qb1 d2 43. Qb3+ Kh8 44. Nd6 Ng5 45. Nxc8 Qxc8 46. Qd5 Bc3 47.
Rb1 Ne6 48. Nxe6 Bxe6 49. Qxe4 h6 50. Qf4 Bb3 51. Qd6 Qg8 52. Qd3 Qd5+ 53. Qxd5
Bxd5+ 54. Kg1 Bb3 0-1

[Event "ESP-ch U16"]
[Site "Padron"]
[Date "2008.07.20"]
[Round "1"]
[White "Oliva Vilarnau, Nuria"]
[Black "Gil Quilez, David"]
[Result "0-1"]
[WhiteElo "1711"]
[BlackElo "2031"]
[PlyCount "88"]
[EventDate "2008.07.20"]
[EventType "swiss"]
[EventRounds "9"]
[EventCountry "ESP"]
[SourceTitle "EXT 2010"]
[Source "ChessBase"]
[SourceDate "2009.11.30"]
[SourceVersion "1"]
[SourceVersionDate "2009.11.30"]
[SourceQuality "1"]

1. e4 e5 2. Nf3 Nc6 3. c3 Nf6 4. d4 exd4 5. e5 Ne4 6. Qe2 Nc5 7. cxd4 Na4 8. b3
Nb6 9. Nc3 Bb4 10. Bd2 O-O 11. a3 Bxc3 12. Bxc3 d6 13. Qc2 Bg4 14. Be2 Nd5 15.
Bb2 Nf4 16. O-O Re8 17. Rfe1 Nxe2+ 18. Qxe2 dxe5 19. dxe5 Qd5 20. Qe3 Bxf3 21.
Qxf3 Qxf3 22. gxf3 Rad8 23. Rad1 Kf8 24. f4 Ke7 25. Kg2 Ke6 26. Kf3 Kf5 27. Rg1
Rxd1 28. Rxd1 Rd8 29. Rxd8 Nxd8 30. Bd4 Ne6 31. Be3 a6 32. a4 c5 33. h3 Nd4+
34. Bxd4 cxd4 35. b4 d3 36. Ke3 d2 37. Kxd2 Kxf4 38. Ke2 Kxe5 39. Ke3 Kd5 40.
Kd3 b5 41. a5 g5 42. f3 f5 43. Kc3 h5 44. Kd3 g4 0-1

[Event "Tournament \"]
[Site "Dubna (Russia)"]
[Date "2008.07.19"]
[Round "10"]
[White "Kudrin, Vladimir1"]
[Black "Riabko, Aleksandr"]
[Result "1-0"]
[WhiteElo "1988"]
[BlackElo "2233"]
[PlyCount "59"]
[EventDate "2008.??.??"]
[EventRounds "11"]
[EventCountry "RUS"]
[SourceTitle "OM OTB B 201907"]
[Source "Opening Master"]
[SourceDate "2019.07.06"]
[SourceVersion "2"]
[SourceVersionDate "2019.07.06"]
[SourceQuality "1"]

1. e4 e5 2. Nf3 Nc6 3. c3 Bc5 4. b4 Bd6 5. a4 a6 6. Bc4 Nf6 7. d3 O-O 8. O-O
Rb8 9. Bg5 b5 10. axb5 axb5 11. Bb3 h6 12. Bh4 Bb7 13. Re1 Ra8 14. Nbd2 Nxb4
15. cxb4 Bxb4 16. Qc2 c6 17. Nxe5 Qb6 18. Rxa8 Rxa8 19. h3 Qc7 20. Bxf6 gxf6
21. Ng4 Qd6 22. e5 fxe5 23. Rxe5 c5 24. Ne4 Qc6 25. Nef6+ Kh8 26. Bd5 Qc7 27.
Re8+ Rxe8 28. Nxe8 Qb8 29. Qb2+ Kh7 30. Qg7# 1-0

[Event "Asia-ch U18"]
[Site "Teheran"]
[Date "2008.07.19"]
[Round "5"]
[White "Sadeh, Shahin"]
[Black "Khoroshev, Nikita"]
[Result "1/2-1/2"]
[WhiteElo "2247"]
[BlackElo "2162"]
[PlyCount "120"]
[EventDate "2008.07.16"]
[EventType "swiss"]
[EventRounds "7"]
[EventCountry "IRI"]
[SourceTitle "CBM 125 Extra"]
[Source "ChessBase"]
[SourceDate "2008.09.01"]
[SourceVersion "1"]
[SourceVersionDate "2008.09.01"]
[SourceQuality "1"]

1. e4 e5 2. Nf3 Nc6 3. c3 Nf6 4. d4 Nxe4 5. d5 Nb8 6. Nxe5 Qe7 7. Qd4 Nf6 8.
Be3 c5 9. dxc6 Nxc6 10. Nxc6 dxc6 11. Nd2 Ng4 12. Bc4 Be6 13. O-O-O Nxe3 14.
fxe3 b5 15. Bxe6 Qxe6 16. Ne4 f6 17. Nd6+ Bxd6 18. Qxd6 Qxd6 19. Rxd6 Rc8 20.
Rhd1 O-O 21. Rd7 a5 22. Ra7 Rf7 23. Rxa5 Re7 24. Rd3 Rce8 25. Kd2 c5 26. c4
bxc4 27. Rc3 Rb8 28. Kc2 Reb7 29. b3 cxb3+ 30. axb3 c4 31. bxc4 Rb2+ 32. Kd3
Rxg2 33. c5 Rxh2 34. c6 Rc8 35. Ra7 Kf8 36. Rb3 h5 37. Rbb7 Rg2 38. Ke4 h4 39.
Kf3 h3 40. Rb4 Rc2 41. Rh4 Kg8 42. Rxh3 R8xc6 43. Rg3 Rc7 44. Rxc7 Rxc7 45. Rg4
Kf7 46. Ra4 Rb7 47. Ra6 g5 48. Rc6 Re7 49. Rb6 Re6 50. Rb7+ Kg6 51. Rb8 Ra6 52.
Rc8 Ra5 53. Rb8 Re5 54. Ra8 Kf5 55. Rg8 g4+ 56. Kf2 Re7 57. Rh8 Kg6 58. Rg8+
Rg7 59. Rxg7+ Kxg7 60. Kg3 f5 1/2-1/2

[Event "It (open)"]
[Site "Vecindario (Spain)"]
[Date "2008.07.17"]
[Round "4"]
[White "Rodriguez Lorenzo, Yadira"]
[Black "Marrero Lopez, Agustin"]
[Result "1/2-1/2"]
[WhiteElo "2083"]
[BlackElo "1869"]
[PlyCount "71"]
[EventDate "2008.??.??"]
[EventRounds "5"]
[EventCountry "ESP"]
[SourceTitle "OM OTB B 201907"]
[Source "Opening Master"]
[SourceDate "2019.07.06"]
[SourceVersion "2"]
[SourceVersionDate "2019.07.06"]
[SourceQuality "1"]

1. e4 e5 2. Nf3 Nc6 3. c3 Bc5 4. d4 exd4 5. cxd4 Bb4+ 6. Nc3 d6 7. d5 Bxc3+ 8.
bxc3 Nb8 9. Bd3 Nd7 10. Nd4 Nc5 11. O-O Bd7 12. Bc2 Ne7 13. f4 c6 14. c4 Qc7
15. Qh5 Ng6 16. Bd2 O-O-O 17. a4 Rde8 18. Rfe1 Qb6 19. Rab1 Qc7 20. a5 a6 21.
Rb6 Re7 22. Bb4 cxd5 23. cxd5 Nxf4 24. Qg5 Ng6 25. Bb1 f6 26. Qd2 Rhe8 27. Rc1
Kb8 28. Bxc5 dxc5 29. Nc6+ Ka8 30. Nxe7 Nxe7 31. Qf2 c4 32. Bc2 Bb5 33. d6 Qb8
34. Qd4 Nc8 35. Rxb5 axb5 36. Qd5 1/2-1/2